000
00293nam a2200109Ia 4500
008
220204s9999 xx 000 0 und d
082
_a
678.065:629(540)
_b
RAG
100
_a
Raghavan, K S V
245
0
_a
Automotive tyre market of India
260
_a
Calcutta
_b
Saroj & Shanti
_c
1981
942
_c
REF
999
_c
36581
_d
36581